Success in Marketing : (Record no. 593713)

MARC details
000 -LEADER
fixed length control field 00477nam a2200193 a 4500
008 - FIXED-LENGTH DATA ELEMENTS--GENERAL INFORMATION
fixed length control field 251025s1993##################000#0#eng##
020 ## - INTERNATIONAL STANDARD BOOK NUMBER
ISBN 9780719549892
082 04 - DEWEY DECIMAL CLASSIFICATION NUMBER
Classification number 658.8
Item number STE
100 1# - MAIN ENTRY--AUTHOR NAME
Personal name Stefanou, Rosemarie,
245 10 - TITLE STATEMENT
Title Success in Marketing :
260 ## - PUBLICATION, DISTRIBUTION, ETC. (IMPRINT)
Name of publisher John Murray Publishers,
Year of publication 1993.
300 ## - PHYSICAL DESCRIPTION
Number of Pages 244 pages
650 #0 - SUBJECT ADDED ENTRY--TOPICAL TERM
Topical Term Marketing.
942 ## - ADDED ENTRY ELEMENTS (KOHA)
Koha item type English Books
Holdings
Withdrawn status Lost status Damaged status Not for loan Home library Current library Shelving location Date acquired Full call number Accession Number Price effective from Koha item type
        Anna Centenary Library Anna Centenary Library 6TH FLOOR, B WING 25.10.2025 658.8 STE 333288 25.10.2025 English Books

Find us on the map